Faber Book of Modern Verse (Record no. 86200)

MARC details
000 -LEADER
fixed length control field 00405nam a2200145Ia 4500
008 - FIXED-LENGTH DATA ELEMENTS--GENERAL INFORMATION
fixed length control field 211109s9999||||xx |||||||||||||| ||und||
082 ## - DEWEY DECIMAL CLASSIFICATION NUMBER
Classification number 821
Item number ROB-F
100 ## - MAIN ENTRY--PERSONAL NAME
Personal name Michael, Roberts
245 #0 - TITLE STATEMENT
Title Faber Book of Modern Verse
260 ## - PUBLICATION, DISTRIBUTION, ETC.
Name of publisher, distributor, etc. Faber & Faber
Place of publication, distribution, etc. London
Date of publication, distribution, etc. 1908
300 ## - PHYSICAL DESCRIPTION
Extent 431p.
630 ## - SUBJECT ADDED ENTRY--UNIFORM TITLE
General subdivision GENERAL STACK
650 ## - SUBJECT ADDED ENTRY--TOPICAL TERM
Topical term or geographic name entry element English Literature
942 ## - ADDED ENTRY ELEMENTS (KOHA)
Koha item type BOOK
650 ## - SUBJECT ADDED ENTRY--TOPICAL TERM
Form subdivision English Poetry/ verse
General subdivision LiteratureEnglish
Holdings
Withdrawn status Lost status Damaged status Not for loan Home library Current library Date acquired Cost, normal purchase price Total Checkouts Full call number Barcode Shelving location Date last seen Price effective from Koha item type
        SB LIBRARY SB LIBRARY 09/11/2021 50.00   821 ROB-F 00071011 GENERAL STACK 09/11/2021 09/11/2021 BOOK

Powered by Koha